000 01742cad a22002655a 4500
001 E147924
008 090701s2009 xxk f 000 0 eng d
035 _a(Sirsi) u147924
041 0 _aeng
050 0 4 _a692.2 $2 18
110 2 _aScottish Building Standards Agency
_94655
245 0 0 _aProposed amendments to The Building (Scotland) Regulations 2004
_ba review of standards and guidance in the technical handbooks on section 6, energy (incorporating minor changes to section 3, environment, ventilation guidance)
_h[electronic resource]
260 _aLondon
_bSBS
_c2009
505 2 _aCovering letter -- Respondee information form -- consultee list -- Annex A, summary of proposed changes -- Annex B, proposed revisions to domestic guidance document -- Annex C, proposed revisions to non-domestic guidance document -- Annex D, work to existing buildings -- Annex E, questionnaire -- Annex F, partial regulatory impact assessment
520 _aSeeks views on proposed changes to sections 3 (environment) and 6 (energy) of the Scottish Building Standards' Technical Handbooks, to take account of the Scottish Government's intention that from October 2010 new building standards for homes and non-domestic buildings will reduce carbon emissions by 30% beyond current standards.
520 _aDeadline for comments is 2 October 2009.
521 _aAdvanced
590 _aKA
650 2 4 _aBUILDING (SCOTLAND) REGULATIONS 2004
651 4 _aScotland
_y1999-
690 _aBuilding regulations
_96224
690 _aENVIRONMENTAL AND LAND CONSULTANCY-ENERGY-ENERGY USE-ENERGY EFFICIENCY
856 4 0 _uhttps://www.sbsa.gov.uk/latestupdates/consul_energy09.htm
_zView the consultation free of charge at www.sbsa.gov.uk...
942 _n0
999 _c109791
_d109791